00521nam a2200193 a 4500001001300000003000900013005001700022008004100039020002200080082001300102100002100115245006400136260003800200300000900238500003500247505001000282650001400292700002100306nice12345678IN_TiNIC20260116012701.0050524s1980 usaa grp 000 0 eng  a0860653 c2500a234bCOT aCotterell, Peter aI Want to Know What the Bible Says About Personal Salvation aUSAbKingsway Publications c1980 a126p aincludes index and biblioraphy2 aIndex aSalvation1 aCotterell, Peter